000 00719nam a2200181Ia 4500
008 090630s9999 xx 000 0 und d
082 _b25650
100 _aबेदरकर कुसुम.
245 _aमहाभारतातील महान स्त्रिया.
_cबेदरकर कुसुम.
260 _bअस्मिता.
_c1999
300 _a52
600 _aबेदरकर कुसुम.
630 _aमहाभारतातील महान स्त्रिया.
655 _aबालवाङमय.
700 _aबेदरकर कुसुम.
730 _aमहाभारतातील महान स्त्रिया.
942 _cBOOK
999 _c277506
_d277506